000 01747nam a22003137a 4500
003 OSt
005 20260327151021.0
008 260327t2023 xxu||||| |||| 00| 0 eng d
020 _a978331215650
_q9783031215643
040 _aUnicoc
_bspa
_c00001
_d00001
082 _a617.692
100 _912842
_aGulati, Karan
245 _aSurface modification of titanium dental implants
_c/Karan Gulati
250 _a1 Ed.
260 _aSuiza :
_bSpringer ,
_c2023.
300 _a287 páginas
_bDiagramas, tablas, gráficas
500 _aIncluye Referencias bibliográficas e Índice
505 _tTitanium: the ideal dental implant material choice. --
_tTitanium dental implants in compromised conditions: need for enhanced bioactivity and therapy. --
_tMacro to micro: surface modification of titanium dental implants. --
_tNano-scale surface modification of dental implants: fabrication. --
_tFrom micro to nano: surface modification for enhanced bioactivity of titanium dental implants. --
_tLocal therapy from nano-engineered titanium dental implants. --
_tMechanical stability of anodized nano-engineered titanium dental implants. --
_tCytotoxicity, corrosion and electrochemical stability of titanium dental implants. --
526 _5Unicoc
546 _aEspañol
650 0 _961
_aBiomateriales
650 0 _960
_aMateriales dentales
650 0 _912843
_aNanoingeniería
650 0 _912844
_aTitanio
_xOdontología
658 0 _98073
_aEspecialización en Prostodoncia
658 0 _98315
_aPrograma de Odontología
856 _yAcceso online exclusivo para comunidad Unicoc.
_uhttps://unicoceduco-my.sharepoint.com/:b:/g/personal/direccionbiblioteca_unicoc_edu_co/IQCak-zbfkJQQYzoMomnwNnsAc3xQQ4gV3XRpzY6RO92kyw
942 _2ddc
_cEBOOK
999 _c10802
_d10802